000 00773nam a2200241 i 4500
001 71662
003 ES-MaACL
005 20250828090935.0
007 t|
008 040817s1971 sp ||||1| spa d
080 _a929 King, Martin Luther
100 1 _aGerbeau, Hubert.
_956422
245 1 0 _aMartin Luther King, el justo /
_cHubert Gerbeau ; [tradujo, Annick Vert].
260 _aMadrid :
_bSociedad de Educación Atenas,
_c1971.
300 _a142 p. ;
_c19 cm.
490 1 _aTestigos del hombre ;
_v1
600 1 4 _aKing, Martin Luther,
_d1929-1968
_968063
700 1 _aVert, Annick.
_9114214
710 2 _aSociedad de Educación Atenas
_96665
830 1 _aTestigos del hombre ;
_v1
_9183342
852 _aES-MaACL
_jC-50669
999 _c71662
_d71662